00510cam a22002171 4500001001300000003000400013005001700017008004100034010001700075035002000092040001800112042001200130050001900142100003000161245001900191260001100210300001900221500001600240500001900256999001700275sa 64003698 DLC20260227112019.0890227s1963 xx 000 0 ben  asa 64003698  a(OCoLC)23577799 aDLCcMiUdDLC apremarc00aPK1718.R63bR31 aRoy, Kalidas,d1889-1975.10aRaṅga-citra. c[1963] a192 p.c23 cm. aIn Bengali. aShort stories. c58070d58070